000 00642nam a2200157Ia 4500
008 090124s9999 xx 000 0 und d
082 _b23708
_a1437
245 _a कौटिलीय अर्थशास्त्र (सटीप मराठी भाषांतर)
250 _a1
260 _c1982
300 _a683+2
630 _a कौटिलीय अर्थशास्त्र (सटीप मराठी भाषांतर)
700 _aकंगले र.पं.
730 _a कौटिलीय अर्थशास्त्र (सटीप मराठी भाषांतर)
942 _cBOOK
999 _c137298
_d137298